| 000 | 00597nam a22001697a 4500 | ||
|---|---|---|---|
| 005 | 20251108172739.0 | ||
| 008 | 250721s1997 xx 000 0 ara d | ||
| 082 | 1 | 4 | _a153.1/عثم |
| 100 | 1 |
_aعثمان، فدية عبد الوهاب _eمؤلف |
|
| 245 | 1 | 0 |
_aكيف تقوي ذاكرتك وتنشطها؟ : _bالذاكرة القوية طريقك إلى النجاح والنبوغ / |
| 264 | 1 |
_aالقاهرة : _bمكتبة إبن سينا، _c1997. |
|
| 300 | _a126ص. | ||
| 650 | 1 | 7 | _aالذاكرة |
| 650 | 1 | 7 | _aعلم النفس التربوي |
| 942 |
_2ddc _cBK |
||
| 999 |
_c87464 _d87464 |
||